000 00324nam a2200109 4500
999 _c10423
_d10423
008 180829b ||||| |||| 00| 0 eng d
245 _aTransgender bet worries which CR to use in house.
260 _aPhilippines
_bPhilippine Daily Inquirer
_cc2016
300 _apage A9.
650 0 _930602
_aHomosexuality.
942 _2ddc
_cPER